| 000 | 01616nam a2200481 i 4500 | ||
|---|---|---|---|
| 001 | 56241 | ||
| 003 | KOSZ 005 | ||
| 005 | 20201029141133.0 | ||
| 008 | 080825s2008 pl a f f |001 0 pol | ||
| 015 | _aUWD 2008/21355 | ||
| 020 | _a9788301155568 | ||
| 035 | _a991044081319705066 | ||
| 035 | _a(PL-WaBN)b21951408-48omnis_nlop | ||
| 035 | _ab21951408 | ||
| 035 | _a(OCoLC)297538864 | ||
| 035 | _a(PL)b0000002195140 | ||
| 035 | _a(EXLNZ-48OMNIS_NETWORK)9910349244205606 | ||
| 040 |
_aWA N _cWA N _dKOSZ005/HR |
||
| 046 | _k2008 | ||
| 080 | _a327-027.21 | ||
| 080 | _a(075.8) | ||
| 100 | 1 |
_aCzaputowicz, Jacek _d(1956- ) _eAutor |
|
| 245 | 1 | 0 |
_aTeorie stosunków międzynarodowych : _bkrytyka i systematyzacja / _cJacek Czaputowicz. |
| 250 | _aWyd. 2. | ||
| 260 |
_aWarszawa : _bWydawnictwo Naukowe PWN, _c2008. |
||
| 300 |
_a484, [2] s. : _bil. ; _c24 cm. |
||
| 336 |
_aTekst _btxt _2rdacontent |
||
| 337 |
_aBez urządzenia pośredniczącego _bn _2rdamedia |
||
| 338 |
_aWolumin _bnc _2rdacarrier |
||
| 380 | _aKsiążki | ||
| 380 | _aPublikacje dydaktyczne | ||
| 385 |
_mPoziom nauczania _aSzkoły wyzsze |
||
| 388 | _a2001- | ||
| 504 | _aBibliogr. s. 437-469. Indeks. | ||
| 650 | 7 |
_aPolityka międzynarodowa _2DBN |
|
| 650 | 7 | _aTeoria polityki | |
| 655 | 7 |
_aPodręczniki akademickie _2DBN |
|
| 658 | _aPolityka, politologia, administracja publiczna | ||
| 710 | 2 |
_aWydawnictwo Naukowe PWN _4pbl |
|
| 856 |
_uhttp://koha.tu.koszalin.pl/cgi-bin/koha/opac-detail.pl?biblionumber=56241 _yKatalog online BPK |
||
| 942 |
_2UKD _cKS |
||
| 999 |
_c56241 _d56241 |
||